[Event "ESTCC 50 2019"]
[Site "Mali Losinj"]
[Date "2019.09.23"]
[Round "6.4"]
[White "Tirkajla, Boris"]
[Black "Fercec, Nenad"]
[Result "0-1"]
[WhiteElo "2060"]
[BlackElo "2439"]
[Annotator "TA"]
[PlyCount "56"]
[EventDate "2019.09.18"]
[EventType "team-tourn"]
[EventCountry "CRO"]
[SourceTitle "playchess.com"]
[Source "ChessBase"]
[SourceQuality "1"]
[WhiteTeam "Croatia"]
[BlackTeam "Croatia"]
[WhiteTeamCountry "CRO"]
[BlackTeamCountry "CRO"]

{[%evp 15,68,-25,-2,-3,-5,-8,-12,-42,-32,-29,-22,-17,-22,-39,-53,-43,-59,-143,-137,-136,-133,-108,-95,-231,-253,-312,-307,-327,-304,-296,-274,-241,-192,-381,-353,-645,-629,-944,-437,-1822,-1052,-29989,-29987,-29991,-29992,-29992,-29993,-29993,-29994,-29994,-29995,-29995,-29993,-29993,-29993]} 1. f4 d5 2. Nf3 g6 3. g3 Bg7 4. Bg2 Nf6 5. O-O O-O 6. d3 c5 7. Nc3 d4 8. Na4 Qa5 9. c4 {A03: Bird's Opening with 1...d5} (9. b3 Nbd7 10. e4 dxe3 11. Bb2 Qc7 12. Qe2 b6 13. f5 Bb7 14. fxg6 hxg6 15. Qxe3 Rae8 16. Rae1 e5 {0-1 (31) Nguyen,P (2409)-Puranik,A (2550) Riga 2019}) 9... Bd7 10. b3 Bc6 11. Bd2 {The position is equal.} Qc7 12. Nxc5 Bxf3 $1 13. Bxf3 Qxc5 14. Bxb7 Nc6 {Strongly threatening ...Rab8.} 15. Bxa8 Rxa8 16. a3 $146 {[#]} (16. Rb1 $15) ({Predecessor:} 16. Rb1 a5 {1-0 (45) Gretencord,U (1789)-Wittal,W (1876) DESC email 2001}) 16... Ng4 $1 $17 17. b4 Qh5 {[%csl Gg4][%cal Rh5h2]} 18. h4 Ne3 $36 {[%mdl 2048] Black has strong initiative.} 19. Bxe3 (19. Qa4 $17 Rc8 20. Rf3) 19... dxe3 $19 20. Ra2 {[#]} Nd4 $1 21. Kg2 Qg4 22. Rh1 Nf5 23. Rh3 Bf6 {[%mdl 1024] Black has strong compensation.} 24. Kh2 $2 (24. Qf1 {was called for.}) 24... e5 25. Qh1 $2 (25. Qf1 Rd8 26. Kg2) 25... Rd8 26. Qc6 Kg7 (26... exf4 $142 27. Qg2 fxg3+ 28. Kg1 Rd4) 27. Qc7 (27. Kg2 $142 exf4 28. Qf3 Qxf3+ 29. Kxf3 fxg3 30. Rxg3) 27... Rd6 28. c5 {[#]} Bxh4 {Played: e5xf4} 0-1

[Event "ESTCC 50 2019"]
[Site "Mali Losinj"]
[Date "2019.09.23"]
[Round "6.5"]
[White "Blatny, Pavel"]
[Black "Burmakin, Vladimir"]
[Result "0-1"]
[WhiteElo "2325"]
[BlackElo "2496"]
[Annotator "RC"]
[PlyCount "86"]
[EventDate "2019.09.18"]
[EventType "team-tourn"]
[EventCountry "CRO"]
[SourceTitle "playchess.com"]
[Source "ChessBase"]
[SourceQuality "1"]
[WhiteTeam "Czech Republic"]
[BlackTeam "Russia"]
[WhiteTeamCountry "CZE"]
[BlackTeamCountry "RUS"]
[TimeControl "40/5400+30:1800+30"]

1. e3 {[%emt 0:00:30]} d5 {[%emt 0:00:30]} 2. f4 {[%emt 0:00:30]} Nf6 {[%emt 0:00:30]} 3. b3 {[%emt 0:00:30]} Bf5 {[%emt 0:02:30]} 4. Bb2 {[%emt 0:00:00]} e6 {[%emt 0:00:30]} 5. Nf3 {[%emt 0:00:00]} Be7 {[%emt 0:00:00]} 6. Be2 {[%emt 0:00:30]} h6 {[%emt 0:00:00]} 7. Ne5 {[%emt 0:00:30]} Nbd7 {[%emt 0:01:30]} 8. Nxd7 {[%emt 0:01:30]} Nxd7 {[%emt 0:02:30]} 9. O-O {[%emt 0:00:30]} Bf6 {[%emt 0:00:30]} 10. d4 {[%emt 0:00:30]} c5 {[%emt 0:01:30]} 11. c3 {[%emt 0:00:30]} O-O {[%emt 0:04:30]} 12. Nd2 {[%emt 0:00:30]} Rc8 {[%emt 0:00:30]} 13. Rf2 {[%emt 0:05:30]} cxd4 {[%emt 0:07:30]} 14. exd4 {[%emt 0:00:30]} Be7 {[%emt 0:00:30]} 15. Nf1 {[%emt 0:05:30]} Nf6 {[%emt 0:00:00]} 16. Ng3 {[%emt 0:00:30]} Ne4 {[%emt 0:11:00]} 17. Nxf5 {[%emt 0:02:30]} exf5 {[%emt 0:00:30]} 18. Rf3 {[%emt 0:00:30]} Qa5 {[%emt 0:01:30]} 19. Bf1 {[%emt 0:13:30]} Rc7 {[%emt 0:01:30]} 20. b4 {[%emt 0:10:30]} Qb6 {[%emt 0:00:30]} 21. Rc1 {[%emt 0:00:30]} Rfc8 {[%emt 0:01:30]} 22. a3 {[%emt 0:03:30]} a5 {[%emt 0:03:30]} 23. b5 {[%emt 0:01:30]} Nd6 {[%emt 0:19:30]} 24. a4 {[%emt 0:00:00]} Nc4 {[%emt 0:00:00]} 25. Bxc4 {[%emt 0:00:00]} Rxc4 {[%emt 0:00:00]} 26. Qb3 {[%emt 0:01:30]} Qe6 {[%emt 0:13:30]} 27. Rcf1 {[%emt 0:01:30]} Bd6 {[%emt 0:00:30]} 28. Bc1 {[%emt 0:01:30]} Re8 {[%emt 0:01:30]} 29. Re3 {[%emt 0:00:00]} Qc8 {[%emt 0:00:00]} 30. Rxe8+ {[%emt 0:02:00]} Qxe8 {[%emt 0:00:00]} 31. Kf2 {[%emt 0:00:00]} Qe7 {[%emt 0:07:30]} 32. g3 {[%emt 0:01:00]} g5 {[%emt 0:00:30]} 33. Re1 {[%emt 0:01:30]} Qf6 {[%emt 0:00:00]} 34. fxg5 {[%emt 0:40:31]} hxg5 {[%emt 0:00:00]} 35. Re8+ {[%emt 0:02:20]} Kg7 {[%emt 0:01:30]} 36. Bd2 {[%emt 0:04:43]} f4 {[%emt 0:00:49]} 37. Kg2 {[%emt 0:00:40]} f3+ {[%emt 0:12:34]} 38. Kf2 {[%emt 0:00:01]} Qf5 {[%emt 0:00:00]} 39. Qd1 {[%emt 0:01:01]} g4 {[%emt 0:00:10]} 40. h4 {[%emt 0:00:43]} Rxa4 {[%emt 0:00:00]} 41. Qe1 {[%emt 0:20:26]} Ra2 {[%emt 0:08:27]} 42. Qe3 {[%emt 0:00:07]} Qf6 {[%emt 0:09:30]} 43. h5 {[%emt 0:01:16]} Bf4 {[%emt 0:02:30]} 0-1

[Event "ESTCC 50 2019"]
[Site "Mali Losinj"]
[Date "2019.09.23"]
[Round "6.6"]
[White "Gleizerov, Evgeny"]
[Black "Vokac, Marek"]
[Result "1-0"]
[WhiteElo "2503"]
[BlackElo "2332"]
[Annotator "ChessBase"]
[PlyCount "107"]
[EventDate "2019.09.18"]
[EventType "team-tourn"]
[EventCountry "CRO"]
[SourceTitle "playchess.com"]
[Source "ChessBase"]
[SourceQuality "1"]
[WhiteTeam "Russia"]
[BlackTeam "Czech Republic"]
[WhiteTeamCountry "RUS"]
[BlackTeamCountry "CZE"]
[TimeControl "40/5400+30:1800+30"]

1. d4 {[%emt 0:00:30]} g6 {[%emt 0:00:30]} 2. c4 {[%emt 0:00:00]} Bg7 {[%emt 0:00:00]} 3. Nf3 {[%emt 0:00:00]} d6 {[%emt 0:00:00]} 4. Nc3 {[%emt 0:00:00]} Nf6 {[%emt 0:00:30]} 5. e4 {[%emt 0:00:00]} O-O {[%emt 0:00:30]} 6. Be2 {[%emt 0:00:00]} e5 {[%emt 0:00:30]} 7. O-O {[%emt 0:00:00]} Nc6 {[%emt 0:00:30]} 8. d5 {[%emt 0:00:30]} Ne7 {[%emt 0:00:00]} 9. Nd2 {[%emt 0:00:00]} Ne8 {[%emt 0:01:00]} 10. b4 {[%emt 0:00:00]} f5 {[%emt 0:00:30]} 11. c5 {[%emt 0:00:30]} Nf6 {[%emt 0:00:00]} 12. f3 {[%emt 0:00:00]} f4 {[%emt 0:00:00]} 13. Nc4 {[%emt 0:00:00]} g5 {[%emt 0:00:30]} 14. a4 {[%emt 0:01:30]} Ng6 {[%emt 0:00:30]} 15. cxd6 {[%emt 0:00:30]} cxd6 {[%emt 0:00:00]} 16. Nb5 {[%emt 0:00:00]} Ne8 {[%emt 0:00:00]} 17. Bd2 {[%emt 0:00:00]} Rf7 {[%emt 0:00:30]} 18. Be1 {[%emt 0:00:00]} Bd7 {[%emt 0:00:00]} 19. Bf2 {[%emt 0:00:00]} Qb8 {[%emt 0:00:00]} 20. g4 {[%emt 0:13:30]} Bf6 {[%emt 0:03:30]} 21. Kh1 {[%emt 0:19:30]} Bd8 {[%emt 0:03:30]} 22. Rg1 {[%emt 0:00:30]} Rg7 {[%emt 0:04:30]} 23. h3 {[%emt 0:03:30]} Nh8 {[%emt 0:05:30]} 24. Rg2 {[%emt 0:00:30]} Nf7 {[%emt 0:10:30]} 25. Qg1 {[%emt 0:12:30]} a6 {[%emt 0:00:00]} 26. Nc3 {[%emt 0:02:30]} Nf6 {[%emt 0:02:00]} 27. a5 {[%emt 0:03:30]} h5 {[%emt 0:00:00]} 28. Na4 {[%emt 0:04:30]} hxg4 {[%emt 0:03:00]} 29. hxg4 {[%emt 0:00:30]} Bb5 {[%emt 0:03:30]} 30. Qf1 {[%emt 0:04:30]} Rh7+ {[%emt 0:03:30]} 31. Rh2 {[%emt 0:02:30]} Rxh2+ {[%emt 0:00:00]} 32. Kxh2 {[%emt 0:00:00]} Bxc4 {[%emt 0:00:00]} 33. Bxc4 {[%emt 0:00:00]} Qc8 {[%emt 0:00:30]} 34. Be2 {[%emt 0:12:30]} Qd7 {[%emt 0:05:30]} 35. Nb2 {[%emt 0:01:30]} Rc8 {[%emt 0:09:30]} 36. Rc1 {[%emt 0:00:30]} Rxc1 {[%emt 0:02:30]} 37. Qxc1 {[%emt 0:00:30]} Nh6 {[%emt 0:00:30]} 38. Kg2 {[%emt 0:04:56]} Nhxg4 {[%emt 0:15:30]} 39. fxg4 {[%emt 0:00:05]} Nxg4 {[%emt 0:00:30]} 40. Qh1 {[%emt 0:02:05]} Nf6 {[%emt 0:07:30]} 41. Qh6 {[%emt 0:30:42]} g4 {[%emt 0:29:30]} 42. Qg6+ {[%emt 0:01:48]} Kf8 {[%emt 0:00:30]} 43. Bd3 {[%emt 0:04:00]} Ne8 {[%emt 0:16:42]} 44. Nc4 {[%emt 0:05:57]} g3 {[%emt 0:00:00]} 45. Bb6 {[%emt 0:00:00]} Bxb6 {[%emt 0:00:00]} 46. axb6 {[%emt 0:00:00]} Qa4 {[%emt 0:04:04]} 47. Nxd6 {[%emt 0:00:00]} Qa2+ {[%emt 0:00:03]} 48. Kf3 {[%emt 0:00:00]} Qf2+ {[%emt 0:00:21]} 49. Kg4 {[%emt 0:00:00]} Nxd6 {[%emt 0:00:09]} 50. Qxd6+ {[%emt 0:00:00]} Kg8 {[%emt 0:01:15]} 51. Qb8+ {[%emt 0:00:00]} Kh7 {[%emt 0:00:58]} 52. Qxb7+ {[%emt 0:00:00]} Kh6 {[%emt 0:00:07]} 53. Qc6+ {[%emt 0:00:00]} Kh7 {[%emt 0:00:04]} 54. Qd7+ {[%emt 0:00:00]} 1-0

[Event "ESTCC 50 2019"]
[Site "Mali Losinj"]
[Date "2019.09.23"]
[Round "6.7"]
[White "Konopka, Michal"]
[Black "Shcherbakov, Ruslan"]
[Result "0-1"]
[WhiteElo "2351"]
[BlackElo "2516"]
[Annotator "ChessBase"]
[PlyCount "110"]
[EventDate "2019.09.18"]
[EventType "team-tourn"]
[EventCountry "CRO"]
[SourceTitle "playchess.com"]
[Source "ChessBase"]
[SourceQuality "1"]
[WhiteTeam "Czech Republic"]
[BlackTeam "Russia"]
[WhiteTeamCountry "CZE"]
[BlackTeamCountry "RUS"]
[TimeControl "40/5400+30:1800+30"]

1. Nf3 {[%emt 0:08:30]} Nf6 {[%emt 0:00:30]} 2. c4 {[%emt 0:00:30]} b6 {[%emt 0:00:30]} 3. g3 {[%emt 0:01:30]} Bb7 {[%emt 0:00:30]} 4. Bg2 {[%emt 0:00:00]} g6 {[%emt 0:01:30]} 5. b3 {[%emt 0:05:00]} Bg7 {[%emt 0:02:30]} 6. Bb2 {[%emt 0:00:30]} O-O {[%emt 0:01:30]} 7. O-O {[%emt 0:00:30]} e6 {[%emt 0:03:30]} 8. Nc3 {[%emt 0:05:30]} d5 {[%emt 0:10:30]} 9. cxd5 {[%emt 0:06:30]} exd5 {[%emt 0:07:30]} 10. d4 {[%emt 0:01:30]} Nbd7 {[%emt 0:00:30]} 11. Ne5 {[%emt 0:11:30]} Re8 {[%emt 0:17:30]} 12. Nxd7 {[%emt 0:10:30]} Qxd7 {[%emt 0:00:30]} 13. Qc2 {[%emt 0:02:30]} Rac8 {[%emt 0:04:30]} 14. Rfd1 {[%emt 0:07:30]} h5 {[%emt 0:01:30]} 15. Qd3 {[%emt 0:04:30]} Ne4 {[%emt 0:04:30]} 16. e3 {[%emt 0:04:30]} h4 {[%emt 0:05:30]} 17. Qf1 {[%emt 0:02:30]} hxg3 {[%emt 0:04:30]} 18. hxg3 {[%emt 0:00:30]} Ng5 {[%emt 0:02:30]} 19. Rac1 {[%emt 0:01:30]} Rcd8 {[%emt 0:07:30]} 20. Rd2 {[%emt 0:07:16]} c5 {[%emt 0:06:54]} 21. Ne2 {[%emt 0:07:51]} c4 {[%emt 0:01:01]} 22. Nf4 {[%emt 0:01:23]} b5 {[%emt 0:00:44]} 23. bxc4 {[%emt 0:04:43]} dxc4 {[%emt 0:03:30]} 24. d5 {[%emt 0:00:06]} Ne4 {[%emt 0:00:40]} 25. Bxe4 {[%emt 0:00:50]} Bxb2 {[%emt 0:00:17]} 26. Rxb2 {[%emt 0:01:11]} Rxe4 {[%emt 0:00:04]} 27. Rd2 {[%emt 0:01:28]} Qf5 {[%emt 0:02:54]} 28. Qe2 {[%emt 0:02:05]} Qe5 {[%emt 0:06:11]} 29. Rcd1 {[%emt 0:00:23]} Rd6 {[%emt 0:03:17]} 30. Rd4 {[%emt 0:00:58]} Rxd4 {[%emt 0:00:22]} 31. Rxd4 {[%emt 0:00:02]} g5 {[%emt 0:00:10]} 32. Qg4 {[%emt 0:00:23]} Kf8 {[%emt 0:00:37]} 33. Ne2 {[%emt 0:00:46]} Rxd5 {[%emt 0:00:11]} 34. Kf1 {[%emt 0:00:53]} b4 {[%emt 0:00:29]} 35. Ke1 {[%emt 0:00:33]} b3 {[%emt 0:01:34]} 36. axb3 {[%emt 0:00:08]} cxb3 {[%emt 0:00:14]} 37. Rxd5 {[%emt 0:00:24]} Bxd5 {[%emt 0:00:17]} 38. Qb4+ {[%emt 0:00:18]} Kg8 {[%emt 0:00:46]} 39. Nd4 {[%emt 0:00:07]} Be6 {[%emt 0:00:46]} 40. Nxe6 {[%emt 0:01:30]} Qxe6 {[%emt 0:00:00]} 41. Qb5 {[%emt 0:09:42]} Kh7 {[%emt 0:17:33]} 42. Kd2 {[%emt 0:07:42]} Qf6 {[%emt 0:05:32]} 43. Qxb3 {[%emt 0:02:05]} Qxf2+ {[%emt 0:00:16]} 44. Kd3 {[%emt 0:00:47]} Kg6 {[%emt 0:00:44]} 45. Qb8 {[%emt 0:04:51]} Qf5+ {[%emt 0:01:07]} 46. e4 {[%emt 0:01:28]} Qf3+ {[%emt 0:00:14]} 47. Kd4 {[%emt 0:00:25]} Qf6+ {[%emt 0:01:09]} 48. Kd3 {[%emt 0:02:22]} Qf3+ {[%emt 0:01:15]} 49. Kd4 {[%emt 0:00:09]} Kh5 {[%emt 0:00:45]} 50. Qc8 {[%emt 0:05:04]} Qxg3 {[%emt 0:01:53]} 51. Qh8+ {[%emt 0:00:07]} Kg4 {[%emt 0:00:13]} 52. Qc8+ {[%emt 0:00:11]} Kf3 {[%emt 0:00:15]} 53. Qb7 {[%emt 0:01:43]} Qf4 {[%emt 0:02:28]} 54. Qe7 {[%emt 0:00:57]} Qe3+ {[%emt 0:00:49]} 55. Kd5 {[%emt 0:00:01]} Qd3+ {[%emt 0:00:10]} 0-1

[Event "ESTCC 50 2019"]
[Site "Mali Losinj"]
[Date "2019.09.23"]
[Round "6.8"]
[White "Yakovich, Yuri"]
[Black "Spacek, Petr"]
[Result "1-0"]
[WhiteElo "2518"]
[BlackElo "2352"]
[Annotator "ChessBase"]
[PlyCount "119"]
[EventDate "2019.09.18"]
[EventType "team-tourn"]
[EventCountry "CRO"]
[SourceTitle "playchess.com"]
[Source "ChessBase"]
[SourceQuality "1"]
[WhiteTeam "Russia"]
[BlackTeam "Czech Republic"]
[WhiteTeamCountry "RUS"]
[BlackTeamCountry "CZE"]
[TimeControl "40/5400+30:1800+30"]

1. d4 {[%emt 0:00:30]} d5 {[%emt 0:00:30]} 2. c4 {[%emt 0:00:00]} e6 {[%emt 0:00:30]} 3. Nc3 {[%emt 0:00:00]} Be7 {[%emt 0:00:30]} 4. cxd5 {[%emt 0:00:00]} exd5 {[%emt 0:00:00]} 5. Bf4 {[%emt 0:00:00]} Nf6 {[%emt 0:00:00]} 6. e3 {[%emt 0:00:30]} O-O {[%emt 0:01:30]} 7. Bd3 {[%emt 0:00:00]} c5 {[%emt 0:00:00]} 8. Nge2 {[%emt 0:00:00]} Nc6 {[%emt 0:00:00]} 9. O-O {[%emt 0:00:30]} cxd4 {[%emt 0:01:30]} 10. Nxd4 {[%emt 0:00:30]} Nxd4 {[%emt 0:00:30]} 11. exd4 {[%emt 0:00:00]} a6 {[%emt 0:00:30]} 12. Rc1 {[%emt 0:09:00]} Be6 {[%emt 0:03:30]} 13. Na4 {[%emt 0:12:30]} Bd6 {[%emt 0:10:30]} 14. Bxd6 {[%emt 0:09:30]} Qxd6 {[%emt 0:00:30]} 15. Nc5 {[%emt 0:00:30]} Bc8 {[%emt 0:26:30]} 16. Qb3 {[%emt 0:14:30]} Qf4 {[%emt 0:04:30]} 17. Qc3 {[%emt 0:06:30]} Ng4 {[%emt 0:04:30]} 18. g3 {[%emt 0:00:30]} Qh6 {[%emt 0:01:30]} 19. h4 {[%emt 0:00:30]} b6 {[%emt 0:00:30]} 20. Nb3 {[%emt 0:00:30]} Bd7 {[%emt 0:04:30]} 21. Qd2 {[%emt 0:02:30]} Qd6 {[%emt 0:00:30]} 22. Rc3 {[%emt 0:04:30]} a5 {[%emt 0:02:30]} 23. Nc1 {[%emt 0:04:30]} Nf6 {[%emt 0:06:30]} 24. Ne2 {[%emt 0:05:30]} Ne4 {[%emt 0:03:30]} 25. Bxe4 {[%emt 0:00:30]} dxe4 {[%emt 0:00:30]} 26. d5 {[%emt 0:00:30]} Rfd8 {[%emt 0:08:49]} 27. Nf4 {[%emt 0:01:30]} h6 {[%emt 0:01:53]} 28. Qd4 {[%emt 0:02:30]} f5 {[%emt 0:03:57]} 29. Rfc1 {[%emt 0:06:49]} Rac8 {[%emt 0:00:19]} 30. h5 {[%emt 0:01:35]} Rxc3 {[%emt 0:00:35]} 31. Rxc3 {[%emt 0:00:37]} Rc8 {[%emt 0:00:08]} 32. Kg2 {[%emt 0:08:33]} Rxc3 {[%emt 0:06:56]} 33. Qxc3 {[%emt 0:00:56]} Kf7 {[%emt 0:00:50]} 34. Qc4 {[%emt 0:01:35]} Qc5 {[%emt 0:01:50]} 35. Qa6 {[%emt 0:01:42]} Qc7 {[%emt 0:00:33]} 36. a3 {[%emt 0:02:36]} Bc8 {[%emt 0:00:48]} 37. Qb5 {[%emt 0:01:45]} Bd7 {[%emt 0:00:11]} 38. Qb3 {[%emt 0:00:59]} Qd6 {[%emt 0:01:46]} 39. Qc3 {[%emt 0:00:26]} Kg8 {[%emt 0:01:18]} 40. b4 {[%emt 0:00:45]} axb4 {[%emt 0:00:44]} 41. axb4 {[%emt 0:30:25]} Kh7 {[%emt 0:01:23]} 42. Qd4 {[%emt 0:00:00]} Bc8 {[%emt 0:02:30]} 43. Kh2 {[%emt 0:00:00]} Bd7 {[%emt 0:00:30]} 44. Ng6 {[%emt 0:00:00]} Kg8 {[%emt 0:01:30]} 45. Qa1 {[%emt 0:00:00]} Be8 {[%emt 0:08:30]} 46. Qa8 {[%emt 0:00:00]} Kf7 {[%emt 0:00:30]} 47. Qc8 {[%emt 0:01:52]} Qxd5 {[%emt 0:03:47]} 48. Qc7+ {[%emt 0:00:07]} Bd7 {[%emt 0:00:08]} 49. Ne5+ {[%emt 0:00:55]} Ke6 {[%emt 0:02:50]} 50. Nxd7 {[%emt 0:00:17]} Qxd7 {[%emt 0:00:03]} 51. Qxb6+ {[%emt 0:00:02]} Kf7 {[%emt 0:03:15]} 52. Qc5 {[%emt 0:01:03]} Kg8 {[%emt 0:08:59]} 53. b5 {[%emt 0:01:31]} Qf7 {[%emt 0:00:11]} 54. Kg1 {[%emt 0:02:07]} Qxh5 {[%emt 0:00:34]} 55. Qd5+ {[%emt 0:00:21]} Kh7 {[%emt 0:01:49]} 56. b6 {[%emt 0:01:15]} e3 {[%emt 0:00:38]} 57. b7 {[%emt 0:00:59]} exf2+ {[%emt 0:02:12]} 58. Kxf2 {[%emt 0:00:06]} Qe8 {[%emt 0:01:20]} 59. Qxf5+ {[%emt 0:00:09]} g6 {[%emt 0:00:01]} 60. Qf4 {[%emt 0:00:37]} 1-0

[Event "ESTCC 50 2019"]
[Site "Mali Losinj"]
[Date "2019.09.23"]
[Round "6.9"]
[White "Krebs, Johann"]
[Black "Mikhalchishin, Adrian"]
[Result "0-1"]
[WhiteElo "2226"]
[BlackElo "2465"]
[Annotator "TA"]
[PlyCount "76"]
[EventDate "2019.09.18"]
[EventType "team-tourn"]
[EventCountry "CRO"]
[SourceTitle "playchess.com"]
[Source "ChessBase"]
[SourceQuality "1"]
[WhiteTeam "Austria"]
[BlackTeam "Slovenia"]
[WhiteTeamCountry "AUT"]
[BlackTeamCountry "SLO"]

{[%evp 20,76,41,37,43,46,39,40,52,43,39,59,45,30,52,16,16,28,19,-34,-30,-74,-72,-86,-75,-77,-83,-79,-66,-73,-54,-97,-69,-129,-121,-161,-114,-186,-194,-508,-487,-2288,-2189,-1348,-496,-531,-531,-611,-520,-504,-481,-482,-495,-562,-481,-460,-488,-755,-743]} 1. d4 Nf6 2. c4 g6 3. Nc3 d5 4. Nf3 Bg7 5. cxd5 Nxd5 6. e4 Nxc3 7. bxc3 c5 8. Be3 Qa5 9. Qd2 O-O 10. Rc1 e6 11. Bh6 Nc6 {D85: Exchange Grünfeld: Unusual White 7th moves and lines with 7 Nf3} 12. h4 {[#] aiming for h5.} cxd4 13. Bxg7 Kxg7 {White is slightly better.} 14. cxd4 Rd8 15. Qxa5 Nxa5 16. h5 (16. Kd2 h5 17. Ke3 Bd7 18. Bd3 Rac8 19. Kd2 {1-0 (33) Grischuk,A (2736)-Mamedyarov,S (2719) Moscow 2009}) 16... Nc6 {[#]} 17. hxg6 $146 ({Predecessor:} 17. h6+ Kg8 18. Rc4 Bd7 19. Kd2 {½-½ (80) Conquest,S (2563)-McShane,L (2615) England 2010}) 17... hxg6 18. Rc4 Bd7 19. Bd3 (19. Kd2 $11) 19... Be8 $15 20. e5 b5 {[%cal Bb7b5,Bb5b4,Bb4b3][%mdl 32]} 21. Rc5 Nxd4 22. Ng5 Rac8 $36 {[%mdl 2048] Black is on the roll.} 23. Rxc8 Rxc8 24. Kd2 b4 25. Rh4 b3 26. a3 {[#]} (26. axb3 $15 Nxb3+ 27. Ke3) 26... Nc6 $1 $17 {[%cal Rc6e5]} 27. f4 Ne7 28. Be4 (28. Rh7+ $17 {was necessary.} Kg8 29. Rh1) 28... Nd5 $19 29. Bxd5 $2 (29. Rh3 {is tougher.} b2 30. Rb3) 29... exd5 {[%mdl 4096] Endgame KRB-KRN. Black is clearly winning.} 30. g4 (30. f5 $142 Rc2+ 31. Kd1 Rxg2 32. Nf3) 30... Rc2+ 31. Kd1 Rc4 (31... Ba4 $142 32. Rh7+ Kg8) 32. Rh7+ Kf8 {( -> ...b2)} 33. Rh2 Rxf4 {...Rf1+ is the strong threat.} 34. Kc1 Ke7 35. Kb2 Rxg4 36. Nh7 Re4 37. Nf6 Rxe5 38. Rf2 (38. Nxe8 $142 Kxe8 39. Rh8+ Ke7 40. Kxb3) 38... Ba4 {Accuracy: White = 32%, Black = 72%.} 0-1

[Event "ESTCC 50 2019"]
[Site "Mali Losinj"]
[Date "2019.09.23"]
[Round "6.10"]
[White "Mohr, Georg"]
[Black "Wegerer, Fred"]
[Result "1-0"]
[WhiteElo "2445"]
[BlackElo "2171"]
[Annotator "NA"]
[PlyCount "115"]
[EventDate "2019.09.18"]
[EventType "team-tourn"]
[EventCountry "CRO"]
[SourceTitle "playchess.com"]
[Source "ChessBase"]
[SourceQuality "1"]
[WhiteTeam "Slovenia"]
[BlackTeam "Austria"]
[WhiteTeamCountry "SLO"]
[BlackTeamCountry "AUT"]
[TimeControl "40/5400+30:1800+30"]

1. d4 {[%emt 0:04:30]} Nf6 {[%emt 0:03:30]} 2. g3 {[%emt 0:02:30]} d5 {[%emt 0:01:30]} 3. Bg2 {[%emt 0:01:30]} c6 {[%emt 0:00:30]} 4. Nf3 {[%emt 0:00:00]} Bf5 {[%emt 0:01:30]} 5. O-O {[%emt 0:01:00]} h6 {[%emt 0:03:30]} 6. c4 {[%emt 0:01:30]} e6 {[%emt 0:00:30]} 7. Nc3 {[%emt 0:00:30]} Nbd7 {[%emt 0:01:30]} 8. b3 {[%emt 0:15:30]} Bb4 {[%emt 0:04:30]} 9. Bb2 {[%emt 0:05:30]} Ne4 {[%emt 0:06:30]} 10. Qc1 {[%emt 0:17:30]} O-O {[%emt 0:01:30]} 11. a3 {[%emt 0:05:30]} Be7 {[%emt 0:02:30]} 12. Re1 {[%emt 0:06:30]} Nxc3 {[%emt 0:02:30]} 13. Bxc3 {[%emt 0:00:30]} Be4 {[%emt 0:00:30]} 14. Bf1 {[%emt 0:01:30]} Bg6 {[%emt 0:13:30]} 15. Nd2 {[%emt 0:00:30]} Nf6 {[%emt 0:11:30]} 16. Bg2 {[%emt 0:01:30]} Rc8 {[%emt 0:02:30]} 17. a4 {[%emt 0:06:30]} b6 {[%emt 0:09:30]} 18. Qb2 {[%emt 0:00:30]} Qd7 {[%emt 0:11:30]} 19. b4 {[%emt 0:04:30]} Rfd8 {[%emt 0:08:06]} 20. Red1 {[%emt 0:03:47]} Bd6 {[%emt 0:05:50]} 21. Qb3 {[%emt 0:05:45]} Qe8 {[%emt 0:02:32]} 22. Qb2 {[%emt 0:01:47]} Bb8 {[%emt 0:01:47]} 23. Rdc1 {[%emt 0:01:32]} Qe7 {[%emt 0:00:44]} 24. a5 {[%emt 0:03:11]} b5 {[%emt 0:00:47]} 25. cxb5 {[%emt 0:00:30]} cxb5 {[%emt 0:00:01]} 26. Nb3 {[%emt 0:00:14]} Rc4 {[%emt 0:00:52]} 27. e3 {[%emt 0:02:15]} Ne4 {[%emt 0:00:41]} 28. Bf1 {[%emt 0:02:17]} Qf6 {[%emt 0:01:35]} 29. Be1 {[%emt 0:02:31]} h5 {[%emt 0:00:37]} 30. Nd2 {[%emt 0:01:15]} h4 {[%emt 0:00:42]} 31. Nxc4 {[%emt 0:00:59]} dxc4 {[%emt 0:00:20]} 32. Bg2 {[%emt 0:00:14]} Qf5 {[%emt 0:01:42]} 33. Qe2 {[%emt 0:00:28]} hxg3 {[%emt 0:00:32]} 34. hxg3 {[%emt 0:00:34]} Qg5 {[%emt 0:00:36]} 35. f4 {[%emt 0:01:16]} Qh6 {[%emt 0:00:31]} 36. g4 {[%emt 0:00:11]} f5 {[%emt 0:00:00]} 37. Bxe4 {[%emt 0:00:00]} fxe4 {[%emt 0:00:34]} 38. Qh2 {[%emt 0:00:21]} a6 {[%emt 0:00:43]} 39. Ra2 {[%emt 0:00:30]} Be8 {[%emt 0:00:52]} 40. Qxh6 {[%emt 0:00:30]} gxh6 {[%emt 0:00:40]} 41. Rh2 {[%emt 0:30:30]} Kg7 {[%emt 0:30:38]} 42. Bc3 {[%emt 0:00:00]} Rd5 {[%emt 0:00:00]} 43. Kf2 {[%emt 0:00:00]} Bd6 {[%emt 0:00:00]} 44. Rch1 {[%emt 0:00:00]} h5 {[%emt 0:00:00]} 45. Kg3 {[%emt 0:00:00]} Kh6 {[%emt 0:00:00]} 46. Rh4 {[%emt 0:00:00]} Bg6 {[%emt 0:00:00]} 47. Kg2 {[%emt 0:00:00]} Be7 {[%emt 0:00:00]} 48. g5+ {[%emt 0:00:00]} Kg7 {[%emt 0:00:00]} 49. Rxh5 {[%emt 0:00:00]} Bxh5 {[%emt 0:00:00]} 50. Rxh5 {[%emt 0:00:00]} Bf8 {[%emt 0:00:00]} 51. Kg3 {[%emt 0:00:00]} Kg6 {[%emt 0:00:00]} 52. Rh8 {[%emt 0:00:00]} Kg7 {[%emt 0:00:00]} 53. Rh6 {[%emt 0:00:00]} Kf7 {[%emt 0:00:00]} 54. Rf6+ {[%emt 0:00:00]} Ke7 {[%emt 0:00:00]} 55. f5 {[%emt 0:00:00]} exf5 {[%emt 0:00:24]} 56. Kf4 {[%emt 0:00:47]} Bg7 {[%emt 0:05:03]} 57. Rxa6 {[%emt 0:02:26]} Kf7 {[%emt 0:00:58]} 58. Rb6 {[%emt 0:02:40]} 1-0